MDQL
is popping MORE tags! Check the
thread
!
Quizzes
Events
Quiz Creation
Community
Videos
Private Events
Remove Ads
Sign In
Join for FREE
Feedback
Dark Mode
Quiz Categories
Sports
Geography
Music
Movies
Television
Just For Fun
Miscellaneous
History
Literature
Language
Science
Gaming
Entertainment
Religion
Holiday
For Kids
Quiz Lab
Recent
Popular Today
Quiz Kudos Today
Editor Picks
Curator Picks
Quizzes by...
Day
Popularity
Type
Ratings
Length
Year
Community
Subscriptions
Recent Discussions
Orange Saloon
Badges
Playlists
Quests
Create
Leaderboards
Showdown
Live 5
Trivia Bingo
Activity
Puzzle Library
Sporcle Events
Private Events
Virtual Trivia
Globe League
Become a Host
Pub Owners
SporcleCon
Opinionation
Our Games
Videos
Blog
Mobile Apps
Partnerships
Remove Ads and Go Orange
Feedback
Miscellaneous
Crossword
General Knowledge
Baby Names
Logo
Food
Cars
Numbers
Grab Bag
University
College
Popular
Company
Slogans
Restaurants
Justice
Letter
Miscellaneous
Crossword
General Knowledge
Baby Names
Logo
Food
Cars
Numbers
Grab Bag
University
College
Popular
Company
Slogans
Restaurants
Justice
Letter
Random Quiz
Search Sporcle
×
Quiz Lab
Quiz Lab
Miscellaneous
Known
Type in answers that appear in a list
Type in answers that appear in a list
Classic
Best Score? Go Orange.
The Most Random Game Ever Stats
Can you name the Most Random Questions Ever Known to Mankind?
By
oregonducks27
10m
14 Questions
84 Plays
84 Plays
84 Plays
Comments
Comments
Give Quiz Kudos
Give Quiz Kudos
-
- Ratings
hide this ad
Replay
Link that replays current quiz
Next Quiz
Link to next quiz in quiz playlist
You Got
0%
They Got
Avg Score
12%
Avg Friend Score
Upgrade to see
Score Distribution
Jump to the score distribution portion of the page
Score
0/14
Timer
10:00
0
Plays Today
Impossible Question
Impossible Answer
% Correct
What was the longest reception in yards Tim Couch had for the Cleveland Browns in 2001?
-10
72.6%
What is the name of the actor who plays Creed Bratton in the US TV show 'The Office'.
Creed Bratton
48.8%
How many provinces is Turkey divided into?
81
19%
What city is MTV's Jersey Shore star Mike 'The Situation' from?
Staten Island
16.7%
Where is Casimir III the Great buried?
Wawel Cathedral
6%
According to Apple, what is the maximum operating altitude in feet for the iPhone 3GS?
10,000
6%
What is the last ingredient for Low Fat Frosted Strawberry Poptarts?
Blue #1
2.4%
Impossible Question
Impossible Answer
% Correct
Who is the only person to been stripped of the title of Wildlife Photographer of the Year Award, presented by the Natural History Museum and BBC Wildlife Magazine?
Jose Luis Rodriguez
1.2%
What city finished second for the 2008 Summer Olympic Bidding behind Beijing?
Toronto
1.2%
If someone makes $40,000 a year, how many years would it take that person to make Jason Bay's annual salary with the Mets? (round number up)?
413
1.2%
Who is the Visual Effects Supervisor in the movie 'A Beautiful Mind.'
Kevin Mack
0%
According to archrecord.construction.com, what is the 6th best school for undergraduates studying architecture?
KSU
0%
Who was the first governor of the state of Alaska?
William A. Egan
0%
What is the street address where Google first set up shop in September of 1998?
232 Santa Margarita Ave
0%
Quiz Playlist
Details
Report
Send in Message
Add To Playlist
Classic:
Type in answers that appear in a list
Last Updated: Feb 16, 2017
Quiz Scoreboard
CHALLENGE
Sign Up to Join the Scoreboard
Show All
Scores
Hide
Comments
May contain spoilers
Recently Published
Street Fighter Characters
by Artimus82
Gaming
60s
9x9 Crossword: Cartoon Network
by jackfrog10
Miscellaneous
3m
College Basketball Coaching Resumes
by pancakes188
Sports
9m
More to Explore
Quiz From the Vault
Featured Blog Post
Where Did the Easter Bunny Come From?
hide this ad
You Might Also Like...
Tags
Ever
impossible
Known
Mankind
Today's Top Quizzes in Miscellaneous
Browse Miscellaneous
hide this ad
Today's Top Quizzes in Known
Browse Known
Top Contributed Quizzes in Miscellaneous
1
5-to-1: Fast Food
2
The JOE quick-fire general knowledge quiz: Day 174
3
The JOE quick-fire general knowledge quiz: Day 173
4
5-to-1: Cocktails
5
The JOE quick-fire general knowledge quiz: Day 172
6
9x9 Crossword: Disney Movie Titles
7
Sunday Crossword: Famous Bodies of Water
8
9x9 Crossword: Charlie and the Chocolate Factory
9
The JOE quick-fire general knowledge quiz: Day 171
10
One Thing in Common: United Kingdom II
Explore More
Trending Topics
Marvel
Crossword
Kpop
Harry Potter
NBA
Anime
Disney
The Office
Pokémon
Puzzle
NFL
Soccer
Country
Song
WWE
hide this ad
More By:
oregonducks27
Quiz
Plays
Rating
Category
Featured
Created
The Most Random Game Ever
84
1.83
Miscellaneous
Jan 22, 2010
Go to Creator's Profile
Score Distribution
Quiz Creator Spotlight
oregonducks27
Follow
Send a Message
Quizzes Created
-
Created Quiz Play Count
-
More By This Creator
Popular Quizzes Today
1
Find the US States - No Outlines Minefield
2
Find the Countries of Europe - No Outlines Minefield
3
The Countries of the World
4
Find the US States
5
Risky Map Clicking: Biggest States A-Z
6
US States
7
Popular People in 1961
8
Movies - When Are They Set?
More Miscellaneous Quizzes
Which Foods Are Real? II
Published
Trending Quizzes
Risky Map Clicking: Least Populous States A-Z
Countries of the World: 200 Million BC
1-10 Letter G Words
Risky Map Clicking: Next State Alphabetically
Adjectives in 80s TV Shows
Recently Updated
Leaping Animals
pecheneg
Reality TV Shows (A-Z)
bhenderson79
Rickey Henderson's Hall of Fame Teammates
pecheneg
Champions League XIs: Arsenal
pecheneg
Quick Pick: Celebrities in WWE's Hall of Fame
aduchscher
A-Z Keypad Blitz II
pecheneg
Multiple Oscar Actors
pecheneg
Mystery Phrase Blitz: Oscar 'Best Actors'
pecheneg
F. Scott Fitzgerald Novels
LTH
Pick 3 Villains
ddd62291
Trending Topics
Crossword
Kpop
Marvel
NBA
Harry Potter
Disney
Anime
The Office
WWE
Pokémon
NFL
Soccer
Puzzle
Song
Country
Your Account Isn't Verified!
In order to create a playlist on Sporcle, you need to verify the email address you used during registration. Go to your
Sporcle Settings
to finish the process.
Report this User
Report this user for behavior that violates our
Community Guidelines
.
Details:
Send Report
Go to the Sporcle.com Mobile Site →
Comments